Nonlinear functional analysis and its applications : (Record no. 30119)

000 -LEADER
fixed length control field 00840 a2200205 4500
020 ## - INTERNATIONAL STANDARD BOOK NUMBER
International Standard Book Number 038797167X
020 ## - INTERNATIONAL STANDARD BOOK NUMBER
International Standard Book Number 9780387971674
090 ## - LOCALLY ASSIGNED LC-TYPE CALL NUMBER (OCLC); LOCAL CALL NUMBER (RLIN)
-- 1508
-- 1508
100 1# - MAIN ENTRY--PERSONAL NAME
Personal name Zeidler, E.
245 10 - TITLE STATEMENT
Title Nonlinear functional analysis and its applications :
Remainder of title part 2 B :
-- nonlinear monotone operators /
Statement of responsibility, etc. E. Zeidler, E. Zeidler, Leo F. Boron.
250 ## - EDITION STATEMENT
Edition statement 1990th ed.
260 ## - PUBLICATION, DISTRIBUTION, ETC.
Place of publication, distribution, etc. [S.l.] :
Name of publisher, distributor, etc. Springer,
Date of publication, distribution, etc. 1989.
300 ## - PHYSICAL DESCRIPTION
Extent 1217 p. ;
Dimensions 24 cm.
490 1# - SERIES STATEMENT
Series statement Zeidler, eberhard//nonlinear functional analysis and its applications) (pt. 2b.
700 1# - ADDED ENTRY--PERSONAL NAME
Personal name Zeidler, E.
700 1# - ADDED ENTRY--PERSONAL NAME
Personal name Boron, Leo F.
830 #0 - SERIES ADDED ENTRY--UNIFORM TITLE
Uniform title Zeidler, eberhard//nonlinear functional analysis and its applications) (pt. 2b.
942 ## - ADDED ENTRY ELEMENTS (KOHA)
Institution code [OBSOLETE] SNS
Koha item type Book
Call number prefix 515.7 ZEI
Holdings
Withdrawn status Lost status Damaged status Not for loan Permanent Location Current Location Date acquired Total Checkouts Full call number Barcode Date last seen Price effective from Koha item type
        School of Natural Sciences (SNS) School of Natural Sciences (SNS) 05/26/2016   515.7 ZEI SNS0000627 05/26/2016 05/26/2016 Book
© 2023 Central Library, National University of Sciences and Technology. All Rights Reserved.